| 000 | 00806nam a22002657a 4500 | ||
|---|---|---|---|
| 001 | 23743 | ||
| 003 | UA-OsUOA | ||
| 005 | 20230227145623.0 | ||
| 007 | ta | ||
| 008 | 20040128b un ||||| |||| 00| 0 ukr d | ||
| 020 | _a5110046611 | ||
| 040 |
_aUA-OsUOA _bukr _cUA-OsUOA _dUA-OsUOA |
||
| 041 | _aukr | ||
| 044 | _aUA | ||
| 080 | _a32(075.8) | ||
| 090 |
_a32(075.8) _bЛ17 |
||
| 100 | _aЛазоренко О. В. | ||
| 245 |
_aТеорія політології. Для тих, хто прагне успіху _bнавчальний посібник _cО. В. Лазоренко, О. О. Лазоренко |
||
| 260 |
_aКиїв _bВища Школа _c1996 |
||
| 300 | _a179 с. | ||
| 650 | 7 |
_a32 Політика _2UDC |
|
| 700 | 1 | _aЛазоренко О. О. | |
| 942 |
_cBK _2udc |
||
| 955 | _a2 | ||
| 999 |
_c310000 _d310000 |
||